LEADER 03976 am 22007813u 450 001 9910251405403321 005 20240214161916.0 010 $a1-61811-691-6 010 $a1-61811-115-9 024 7 $a10.1515/9781618116918 035 $a(CKB)2670000000204321 035 $a(EBL)3110478 035 $a(SSID)ssj0000782008 035 $a(PQKBManifestationID)11440286 035 $a(PQKBTitleCode)TC0000782008 035 $a(PQKBWorkID)10733419 035 $a(PQKB)11020251 035 $a(DE-B1597)540837 035 $a(OCoLC)1135585774 035 $a(DE-B1597)9781618116918 035 $a(Au-PeEL)EBL3110478 035 $a(CaPaEBR)ebr10567534 035 $a(CaONFJC)MIL546545 035 $a(OCoLC)797833308 035 $a(ScCtBLL)ab44fb11-6c0f-4af1-89c7-1e20482b2e4e 035 $a(UtSlPG)32732 035 $a(MiAaPQ)EBC3110478 035 $a(EXLCZ)992670000000204321 100 $a20111020d2011 uy 0 101 0 $aeng 135 $aurnn#---||||| 181 $ctxt$2rdacontent 182 $cc$2rdamedia 183 $acr$2rdacarrier 200 10$aJacob's ladder$b[electronic resource] $ekabbalistic allegory in Russian literature /$fMarina Aptekman 210 1$aBoston :$cAcademic Studies Press,$d2011. 215 $a1 online resource (250 pages) 225 1 $aBorderlines : Russian and East European-Jewish studies. 300 $aDescription based upon print version of record. 311 0 $a1-934843-38-5 320 $aIncludes bibliographical references and index. 327 $tFront matter --$tTable of Contents --$tAcknowledgements --$tIntroduction: Kabbalah Then and Now: a Historical Perspective --$tA Quest for Moral Perfection: Kabbalistic Allegory in Eighteenth-Century ?asonic Literature --$tKnowledge Hidden in Letters: Alchemic Kabbalah and Russian Romantic Literature --$tIn the Beginning Was the Word: Magical Kabbalah, the Occult Revival, and the Linguistic Mysticism of the Silver Age --$tModernism and Kabbalah: Linguistic Mysticism in the Literary Doctrine of the Russian Silver Age --$tConclusion --$tSelected Bibliography --$tIndex 330 $aFocusing primarily on the close study of literary works presented in the broad cultural and historical context, Jacob's Ladder discusses the reflection of kabbalistic allegory in Russian literature and provides a detailed analysis of the evolution of the perception of Kabbalah in Russian consciousness. Aptekman investigates the questions of when, how and why Kabbalah has been used in Russian literary texts from Pre-Romanticism to Modernism and what particular role it played in the larger context of the Russian literary tradition. The correct understanding of this liaison helps the reader to clarify many enigmatic images in Russian literary works of the last two centuries and to understand the roots of a particular cultural falsification that played an important role in the anti-Semitic mythology of the twentieth century. 410 0$aBorderlines (Boston, Mass.) 606 $aOccultism$zRussia$xHistory 606 $aCabala in literature 606 $aCabala$xInfluence 606 $aCabala$xHistory 606 $aRussian literature$xThemes, motives 606 $aRussian literature$xHistory and criticism 606 $aAnthologies 615 0$aOccultism$xHistory. 615 0$aCabala in literature. 615 0$aCabala$xInfluence. 615 0$aCabala$xHistory. 615 0$aRussian literature$xThemes, motives. 615 0$aRussian literature$xHistory and criticism. 615 0$aAnthologies. 676 $a891.70938276 700 $aAptekman$b Marina$0990111 712 02$aNational Endowment for the Humanities and The Andrew W. Mellon Foundation Humanities Open Book Program$4fnd$4http://id.loc.gov/vocabulary/relators/fnd 801 0$bMiAaPQ 801 1$bMiAaPQ 801 2$bMiAaPQ 906 $aBOOK 912 $a9910251405403321 996 $aJacob's ladder$92264660 997 $aUNINA LEADER 01292nam 2200313z- 450 001 9910689342103321 005 20161209074309.0 035 $a(CKB)5860000000021540 035 $a(BIP)014729703 035 $a(EXLCZ)995860000000021540 100 $a20220406c1999uuuu -u- - 101 0 $aeng 200 10$aEducation and training tax provisions of the administration's fiscal year 1998 budget proposal $ehearing before the Committee on Ways and Means, House of Representatives, One Hundred Fifth Congress, first session, March 5, 1997 215 $a1 online resource (iii, 164 p.) $cill 311 $a0-16-059549-5 517 $aEducation and training tax provisions of the administration's fiscal year 1998 budget proposal 606 $aTuition tax credits$xLaw and legislation$zUnited States 606 $aStudent aid$xLaw and legislation$zUnited States 610 $aStudent aid 610 $aEducation 610 $aEducational law and legislation 610 $aStudy aids 610 $aLaw 615 0$aTuition tax credits$xLaw and legislation 615 0$aStudent aid$xLaw and legislation 906 $aBOOK 912 $a9910689342103321 996 $aEducation and training tax provisions of the administration's fiscal year 1998 budget proposal$93125831 997 $aUNINA